Agro-economic evaluation of different weed control methods in rubber plantation (Record no. 48559)

MARC details
000 -LEADER
fixed length control field 00490nam a2200169Ia 4500
100 ## - MAIN ENTRY--AUTHOR NAME
Personal name Joseph P
245 #0 - TITLE STATEMENT
Title Agro-economic evaluation of different weed control methods in rubber plantation
260 ## - PUBLICATION, DISTRIBUTION, ETC. (IMPRINT)
Name of publisher Journal of Plantation Crops
Year of publication 2013
300 ## - PHYSICAL DESCRIPTION
Number of Pages 380-383
650 ## - SUBJECT ADDED ENTRY--TOPICAL TERM
Topical Term Cost of weed control
650 ## - SUBJECT ADDED ENTRY--TOPICAL TERM
Topical Term Rubber plantation
650 ## - SUBJECT ADDED ENTRY--TOPICAL TERM
Topical Term Weed control methods
650 ## - SUBJECT ADDED ENTRY--TOPICAL TERM
Topical Term Weed regeneration
700 ## - ADDED ENTRY--PERSONAL NAME
Personal name Jessy M D
942 ## - ADDED ENTRY ELEMENTS (KOHA)
Koha item type Bibliography STAF
Holdings
Withdrawn status Lost status Damaged status Not for loan Home library Current library Shelving location Date acquired Serial Enumeration / chronology Koha item type
      Bibliography RRII Library RRII Library Agronomy 01/01/2021 Volume 41, Issue 3 Bibliography STAF